00545nam a22001817a 450000500170000000800410001704000190005804100120007708200160008910000260010524500750013125000130020626000590021930000220027850000320030065000210033285000100035320221119105345.0160118b xxu||||| |||| 00| 0 eng d aLoreto College aEnglish a954.03bMUK aMukherjee, Ramkrishna aThe Rise and Fall of the East India CompanybA Sociological Appraisal  a2nd. ed. aBerlinbVeb Deu Tscher Verlag Der Wissenschaftenc1958 axii-xviii, 445 p. aNotes and reference, Index. aSouth Asia India aLCLIB